| 000 | 00467nam a2200169 a 4500 | ||
|---|---|---|---|
| 005 | 20240911064420.0 | ||
| 008 | 040825s1980 mx r 000 0 spa d | ||
| 035 | _aUPN01000134393 | ||
| 049 | _aCG | ||
| 050 | 4 |
_aJA71 _bR4.3 |
|
| 100 | 1 | _aRey, Juan Carlos | |
| 245 | 1 | 0 |
_aEnsayos de teoría política / _cJuan Carlos Rey. |
| 260 |
_aCaracas : _bAteneo : _bJurídica Venezolana, _c1980. |
||
| 300 | _a339 p. | ||
| 650 | 4 |
_aCiencias políticas _96023 |
|
| 905 | _aLibro | ||
| 999 |
_c106544 _d106544 |
||